Advanced economic theory (Record no. 1094)

MARC details
000 -LEADER
fixed length control field 00544cam a2200217ua 4500
001 - CONTROL NUMBER
control field 1184
005 - DATE AND TIME OF LATEST TRANSACTION
control field 20260515113309.0
008 - FIXED-LENGTH DATA ELEMENTS--GENERAL INFORMATION
fixed length control field 110613n ii |||gr||||Z||||||eng
020 ## - INTERNATIONAL STANDARD BOOK NUMBER
International Standard Book Number 81-7663-780-7
040 ## - CATALOGING SOURCE
Transcribing agency MAIN
082 ## - DEWEY DECIMAL CLASSIFICATION NUMBER
Classification number 330.01
245 10 - TITLE STATEMENT
Title Advanced economic theory
Statement of responsibility, etc. by P.N. Chopra
250 ## - EDITION STATEMENT
Edition statement 10 th ed.
260 ## - PUBLICATION, DISTRIBUTION, ETC.
Place of publication, distribution, etc. Ludhiana:
Name of publisher, distributor, etc. Kalyani,
Date of publication, distribution, etc. 2001.
300 ## - PHYSICAL DESCRIPTION
Extent 767p.:
Other physical details ill.;
Dimensions 35cm.
653 ## - INDEX TERM--UNCONTROLLED
Uncontrolled term Economics
653 ## - INDEX TERM--UNCONTROLLED
Uncontrolled term Economic theory
653 ## - INDEX TERM--UNCONTROLLED
Uncontrolled term Advanced economic theory
700 1# - ADDED ENTRY--PERSONAL NAME
Personal name Chopra, P.N.,
Relator term Author.
942 ## - ADDED ENTRY ELEMENTS (KOHA)
Koha item type Books
Holdings
Withdrawn status Lost status Damaged status Not for loan Home library Current library Shelving location Date acquired Total checkouts Full call number Barcode Date last seen Copy number Price effective from Koha item type
        Naharkatiya College Library Naharkatiya College Library General stacks 09/19/2020   330.01 | CHO 2232 09/19/2020 1 09/19/2020 Books